| 000 | 01078cam a22003017a 4500 | ||
|---|---|---|---|
| 003 | CHAP | ||
| 005 | 20220329134101.0 | ||
| 008 | 971013s1976 r 00010 d | ||
| 010 | _a15159 | ||
| 011 | _a16131 | ||
| 035 | _a20209 | ||
| 040 | _cCHAP | ||
| 082 |
_a632.96 _bG74 |
||
| 100 | 0 | 0 |
_aGreathead, D. J. _eed. _950524 |
| 245 | 1 | 2 | _aA review of biological control in western and southern Europe |
| 260 |
_aFarnham Royal, Slough : _bCommonwealth Agricultural Bureaux, _c1976 |
||
| 300 | _a182 p | ||
| 490 | 0 |
_aCommonwealth Institute of Biological Control. Technical Communication _v; 7 |
|
| 590 |
_aBATCH-UPD _b10 _c20130110 _lUCH01 _h2027 |
||
| 590 |
_aBATCH-UPD _b10 _c20130410 _lUCH01 _h1344 |
||
| 590 |
_aBATCH-UPD _b10 _c20130914 _lUCH01 _h1046 |
||
| 590 |
_aCONVERSION _b10 _c20130109 _lUCH01 _h1310 |
||
| 650 | 1 | 4 |
_aControl biológico de plagas. _927587 |
| 830 | 0 |
_aCommonwealth Institute of Biological Control. Technical Communication _v; 7 _926018 |
|
| 901 | _aBK | ||
| 942 | _cLIBRO | ||
| 949 |
_a632.96 G74 _bBC _cLIBRO _d33724000188397 _eLIBRO _h57030 _i20209 _si _t313.95 |
||
| 999 |
_c15159 _d15159 |
||